| 000 | 00412nam a2200169Ia 4500 | ||
|---|---|---|---|
| 005 | 20250423100409.0 | ||
| 008 | 250422s9999 xx 000 0 und d | ||
| 020 | _a0- 553- 24777- 8 | ||
| 050 | _aPG 3488 .O40313/ | ||
| 100 | _aSolzhenitsyn, Alexander | ||
| 245 | 0 | _aOne day in the life of Ivan Denisovich | |
| 260 | _aToronto | ||
| 260 | _bBantam Book | ||
| 260 | _c1963 | ||
| 300 | _a203 p | ||
| 942 | _cBK | ||
| 999 |
_c33181 _d33181 |
||